000 00467nam a2200157 4500
005 20260205134949.0
008 260205b |||||||| |||| 00| 0 eng d
020 _a9789966407236
050 _aHF2741
_b.M83 2021
100 _aMwange, Timothy Kyalo
245 _aLeadership and management:
_bstudy kit
260 _aNairobi, Kenya,
_bStrathmore University Press;
_c2021
300 _a85 p.:
_c30 cm.
650 _aLeadership Governance
_vManagement
942 _2lcc
_cBK
999 _c60153
_d60153